Trendy vo vzdelávaní študentov študijného programu Aktuárstvo recenzovaný monografický zborník vedeckých prác = Reviewed Monographic Collection of Research Papers
Uložené v:
| Korporativný autor: | |
|---|---|
| Ďalší autori: | , , |
| Médium: | Kniha |
| Jazyk: | Slovak English |
| Vydavateľské údaje: |
České Budějovice
Vysoká škola evropských a regionálních studií
2021
|
| Vydanie: | 1. vydanie |
| Predmet: | |
| Tagy: |
Žiadne tagy, Buďte prvý, kto otaguje tento záznam!
|
MARC
| LEADER | 00000nam a2200000 4500 | ||
|---|---|---|---|
| 001 | 0280669 | ||
| 005 | 20240502083856.4 | ||
| 020 | |a 978-80-7556-094-0 | ||
| 041 | 0 | |a slo | |
| 041 | 0 | |a eng | |
| 044 | |a CZ | ||
| 245 | 1 | 0 | |a Trendy vo vzdelávaní študentov študijného programu Aktuárstvo |b recenzovaný monografický zborník vedeckých prác = Reviewed Monographic Collection of Research Papers |c zostavovateľ/Editor: Ingrid Krčová |
| 250 | |a 1. vydanie | ||
| 264 | 1 | |a České Budějovice |b Vysoká škola evropských a regionálních studií |c 2021 | |
| 300 | |a 132 s. [5,28 AH] | ||
| 610 | 2 | 0 | |a aktuári |
| 610 | 2 | 0 | |a štúdium vysokoškolské |
| 610 | 2 | 0 | |a študenti |
| 610 | 2 | 0 | |a programy študijné |
| 610 | 2 | 0 | |a štandardy účtovné medzinárodné |
| 610 | 2 | 0 | |a trh poistný |
| 610 | 2 | 0 | |a softvér |
| 610 | 2 | 0 | |a siete neurónové |
| 700 | 1 | |a Krčová, Ingrid, 1969- | |
| 700 | 1 | |a Peller, František | |
| 700 | 1 | |a Starečková, Anna | |
| 710 | 2 | |a Fakulta hospodárskej informatiky EU. Katedra matematiky a aktuárstva | |